Michel Foucault : Politika a estetika

Guardado en:
Detalles Bibliográficos
Autores principales: Barša, Pavel (Autor), Fulka, Josef (Autor)
Formato: Libro
Lenguaje:checo
Publicado: Praha : Dokořán, 2005
Edición:1.vyd.
Etiquetas: Agregar Etiqueta
Sin Etiquetas, Sea el primero en etiquetar este registro!

MARC

LEADER 00000nam a22000003a 4500
001 stu102426
005 20150617225826.1
008 060110s2005----xr------------------cze-d
020 |a 80-7363-020-6 
040 |a STU  |b slo 
041 0 |a cze 
044 |a xr 
080 |a 32 
080 |a 111.852 
100 1 |a Barša, Pavel  |4 aut 
245 1 |a Michel Foucault :  |b Politika a estetika 
250 |a 1.vyd. 
260 |a Praha :  |b Dokořán,  |c 2005 
300 |a 198 s 
700 1 |a Fulka, Josef  |4 aut 
996 |c V*49042/O-21596  |l VV21  |s P  |a 0  |w stu102426_0001